000 00787nam a2200169 a 4500
001 ASIN1443784680
005 20150422111710.0
008 150422s2008 xxu eng d
020 _a1443784680 (paperback)
_c$27.45
020 _a9781443784689 (paperback)
100 1 _aHell, Joseph.
245 1 4 _aThe arab civilization /
_cJoseph Hell.
260 _a[S.l.] :
_bPorter Press,
_c2008.
300 _a160 p. ;
_c22 cm.
520 _aMany of the earliest books, particularly those dating back to the 1900s and before, are now extremely scarce and increasingly expensive. We are republishing these classic works in affordable, high quality, modern editions, using the original text and artwork.
856 4 0 _3Amazon.com
_uhttp://www.amazon.com/exec/obidos/ASIN/1443784680/chopaconline-20
999 _c13268
_d13268